| 000 | 00571nam a2200181 a 4500 | ||
|---|---|---|---|
| 005 | 20210223123211.0 | ||
| 008 | 991125s1955 [me 000 0 spa u | ||
| 035 | _aUPN01000049159 | ||
| 049 | _aCG | ||
| 050 | 4 |
_aBF698.8 C6 _bR6.6 |
|
| 100 | 1 | _aRodríguez Sainz, Gustavo A. | |
| 245 | 1 | 0 |
_aPrueba psicológica del color verde / _cGustavo A. Rodríguez Sainz. |
| 260 |
_a[México : _bs.n.], _c1955 (Talleres Gráficos de la Nación). |
||
| 300 | _a59 p., [1] h. de láms. | ||
| 650 | 4 |
_aPSICOLOGIA DEL COLOR _97512 |
|
| 650 | 4 |
_aSENTIDO DEL COLOR _97510 |
|
| 905 | _aLibro | ||
| 999 |
_c49159 _d49159 |
||